Normal view
MARC view
- القانون المدني الأردني
Entry Topical Term
001 - CONTROL NUMBER
- control field: 45947
003 - CONTROL NUMBER IDENTIFIER
- control field: JO-AjAnu
005 - DATE AND TIME OF LATEST TRANSACTION
- control field: 20230606081609.0
008 - FIXED-LENGTH DATA ELEMENTS
- fixed length control field: 230606|| aca||aabn | a|a d
040 ## - CATALOGING SOURCE
- Original cataloging agency: JO-AjAnu
- Transcribing agency: JO-AjAnu
150 ## - HEADING--TOPICAL TERM
- Topical term or geographic name entry element: القانون المدني الأردني
670 ## - SOURCE DATA FOUND
- Source citation: Work cat.: (JO-AjAnu)23521: سوار، محمد وحيد الدين, author 45946, شرح القانون المدني : الحقوق العينية ، الرهن المجرد ، الرهن الحيازي ، حقوق الامتياز